000 00876nam a22002057a 4500
999 _c57924
_d57924
005 20210331173614.0
008 210331s2016 enk||||| |||| 00| 0 eng d
020 _a9783934471009
041 _aeng
080 _a37.014.3 H-55
100 _a Henriksen, Anne
_910970
245 _aFunktionales Sehen :
_bDiagnostik und Interventionen bei Beeinträchtigungen des Sehens /
_cAnne Henriksen , Frank Laemers.
264 _aWurzburg:
_bedition bentheim,
_c2016.
300 _a281 p. ;
_bill. ,
_c25 cm.
653 _aფუნქციური ხედვა
653 _aმხედველობის დიაგნოსტიკა
653 _aდიაგნოზირება და ჩარევა მხედველობის დაქვეითების დროს
700 _aLaemers, Frank
_eავტორი
_910971
942 _2udc
_cBK